| 000 | 00698nam a2200217 u 4500 | ||
|---|---|---|---|
| 005 | 20240314063643.0 | ||
| 008 | 111115s2006 r 000 0 eng d | ||
| 020 | _a8420470376 | ||
| 035 | _aUPN01000182543 | ||
| 049 | _aI | ||
| 050 | 4 |
_aPZ7 _bR9.26 |
|
| 100 | 1 | _aRyan, Margaret | |
| 245 | 1 | 0 |
_aHada volada : _bel dormitorio mágico / _cMargaret Ryan ; il. de Teresa Murfin ; tr. de P. Rozarena. |
| 260 |
_aMadrid : _bAlfaguara, _cc2006. |
||
| 300 |
_a78 p. : _bil. |
||
| 440 | 0 | _aInfantil Alfaguara | |
| 534 |
_pTítulo original: _tAiry fairy. magic mess |
||
| 650 | 4 |
_aCuentos infantiles estadounidenses _910762 |
|
| 650 | 7 |
_aLiteratura infantil estadounidense _2 _99173 |
|
| 905 | _aInfantil | ||
| 999 |
_c154646 _d154646 |
||